Curso basico de auto cad 2000 / (Registro nro. 11290)

Detalles MARC
000 -LEADER
fixed length control field 01019nam a2200265 4500
001 - CONTROL NUMBER
control field 0000022853
003 - CONTROL NUMBER IDENTIFIER
control field CO-CtgCURN
005 - DATE AND TIME OF LATEST TRANSACTION
control field 20250329191022.0
007 - PHYSICAL DESCRIPTION FIXED FIELD--GENERAL INFORMATION
fixed length control field ta
008 - FIXED-LENGTH DATA ELEMENTS--GENERAL INFORMATION
fixed length control field 160627s 000 0 eng d
040 ## - CATALOGING SOURCE
Original cataloging agency CO-CtgCURN
Language of cataloging spa
Transcribing agency coctgcurn
082 0# - DEWEY DECIMAL CLASSIFICATION NUMBER
Classification number 620.00420285
Item number T866c
100 1# - MAIN ENTRY--PERSONAL NAME
Personal name Trujillo Villegas, Gustavo Adolfo.
245 10 - TITLE STATEMENT
Title Curso basico de auto cad 2000 /
Statement of responsibility, etc. Gustavo Adolfo Trujillo Villegas.
260 ## - PUBLICATION, DISTRIBUTION, ETC.
Place of publication, distribution, etc. Medellin :
Name of publisher, distributor, etc. Universidad Nacional de Colombia,
Date of publication, distribution, etc. [. .]
300 ## - PHYSICAL DESCRIPTION
Extent vii, 137 p.
336 ## - CONTENT TYPE
Source rdacontent
337 ## - MEDIA TYPE
Source rdamedia
Media type term sin mediacion
Media type code n
338 ## - CARRIER TYPE
Source rdacarrier
Carrier type term volumen
Carrier type code nc
505 8# - FORMATTED CONTENTS NOTE
Formatted contents note Planeacion.--Inicio en AutoCad.--Dibujo en AutoCad.--Secciónado.--Dimensionado.--Creacion de textos.--Bloques.--Escala.--Impresion.--Comandos de edicion.--areas.--Isometricos
650 14 - SUBJECT ADDED ENTRY--TOPICAL TERM
Topical term or geographic name entry element Diseño con ayuda de computador.
908 ## - PUT COMMAND PARAMETER (RLIN)
Put command parameter 160627
942 ## - ADDED ENTRY ELEMENTS (KOHA)
Koha item type Libros
Classification part 620.00420285
Item part T866c
Source of classification or shelving scheme Dewey Decimal Classification
Existencias
Withdrawn status Lost status Source of classification or shelving scheme Damaged status Not for loan Collection Home library Current library Shelving location Date acquired Inventory number Total checkouts Full call number Barcode Date last seen Price effective from Koha item type Public note
    Dewey Decimal Classification     General Miguel Henríquez Castañeda Miguel Henríquez Castañeda General 03/29/2025 012230   620.00420285 T866c 012230 03/29/2025 03/29/2025 Libros 620-ING&OP